Normal view
MARC view
Entry Personal Name
001 - CONTROL NUMBER
- control field: 1237223
003 - CONTROL NUMBER IDENTIFIER
- control field: OSt
005 - DATE AND TIME OF LATEST TRANSACTION
- control field: 20260430150340.0
008 - FIXED-LENGTH DATA ELEMENTS
- fixed length control field: 260430|| aca||aabn | a|a d
040 ## - CATALOGING SOURCE
- Original cataloging agency: OSt
- Transcribing agency: OSt
100 ## - HEADING--PERSONAL NAME
- Personal name: Singh Preeti Au.; Gupta Mridula Gu
670 ## - SOURCE DATA FOUND
- Source citation: Work cat.: (OSt)1849573: Singh Preeti Au.; Gupta Mridula Gu., TCAD Based Investigation of Advanced High Electron Mobility Transistor (HEMT) Structures for High Power and High Frequency Applications, 2022
